000 01225nam a22002777a 4500
005 20101206113148.0
010 _aHIN-91596
020 _c240.00
_a9788126318568
035 _aHN-63942
037 _bDBAD/PUB
082 _a
100 _aबेदी, सुषम
_937138
245 _aमैंने नाता तोड़ा /
_cसुषम बेदी
246 _aMaine nata toda
_bby Susham Bedi
260 _aनई दिल्ली
_bभारतीय ज्ञानपीठ
_c2009
270 _a18, इन्स्टीटयूशनल एरिया, लोदी रोड
_bनई दिल्ली
_e110003
300 _a243पृ.
_c22सेमी (सजिल्द)
490 _aलोकोदय ग्रन्थमालाःग्रन्थांक 1017;रवीन्द्र कालिया
_937139
650 _aहिन्दी कथा साहित्य
_9657
700 _924599
700 _925390
700 _925450
700 _925451
942 _2ddc
_cHN
_mबेदीसु
_h
999 _c50042
_d50042